000 00416nam a2200157Ia 4500
008 240729s9999 xx 000 0 und d
022 _a2757-5705
245 0 _aContemporary Pediatric Dentistry
260 _aTürkiye
260 _bArbu Academic Publishing
650 _a Dentistry
650 _aMedicine
856 _uhttps://doaj.org/toc/d11dd13255ef4614974bbf98c42c0c1d
942 _2ddc
942 _cDOAJEJ
999 _c70441
_d70441
945 _a1
_bMadushi Gamage
_c1
_dMadushi Gamage